[Event "Belgrade Trophy 30th"]
[Site "Belgrade"]
[Date "2016.11.24"]
[Round "1"]
[White "Dobrijevic, Milan"]
[Black "Aleksic, Ceda"]
[Result "1-0"]
[WhiteElo "2262"]
[BlackElo "1810"]
[PlyCount "53"]
[EventDate "2016.11.24"]
[EventType "swiss"]
[EventRounds "9"]
[EventCountry "SRB"]
[SourceTitle "CBM 175 Extra"]
[Source "ChessBase"]
[SourceDate "2016.12.12"]
[SourceVersion "1"]
[SourceVersionDate "2016.12.12"]
[SourceQuality "1"]

1. e4 e5 2. Nf3 Nf6 3. Nxe5 d6 4. Nf3 Nxe4 5. Nc3 Nxc3 6. dxc3 Be7 7. Bf4 Bf5 8. Qd2 Nd7 9. 0-0-0 Nf6 10. Nd4 Bg6 11. Bb5+ Nd7 12. h4 h6 13. Rde1 0-0 14. g4 a6 15. Bxd7 Qxd7 16. h5 Bh7 17. g5 hxg5 18. Bxg5 Rfe8 19. Reg1 c5 20. Nf3 Qf5 21. Nh4 Bxg5 22. Rxg5 Qe4 23. Rhg1 Qxh4 24. Rxg7+ Kh8 25. Qh6 Qe4 26. Rxh7+ Qxh7 27. Qf6+ 1-0

[Event "Belgrade Trophy 23rd"]
[Site "Obrenovac"]
[Date "2010.12.02"]
[Round "9"]
[White "Dedic, Slavko"]
[Black "Aleksic, Ceda"]
[Result "1-0"]
[WhiteElo "1914"]
[BlackElo "1777"]
[PlyCount "47"]
[EventDate "2010.11.24"]
[EventType "swiss"]
[EventRounds "9"]
[EventCountry "YUG"]
[SourceTitle "CBM 139 Extra"]
[Source "ChessBase"]
[SourceDate "2011.01.05"]
[SourceVersion "1"]
[SourceVersionDate "2011.01.05"]
[SourceQuality "1"]

1. e4 e6 2. d4 d5 3. e5 c5 4. c3 Nc6 5. Nf3 Bd7 6. Bd3 cxd4 7. cxd4 Bb4+ 8. Nc3 Nge7 9. a3 Bxc3+ 10. bxc3 0-0 11. Qc2 g6 12. Bg5 Qa5 13. Bf6 h6 14. Qd2 Kh7 15. 0-0 Ng8 16. Ng5+ hxg5 17. Qe3 Nxf6 18. exf6 Qd8 19. Qxg5 Rh8 20. f4 Qf8 21. Rf3 Kg8 22. Bxg6 Qh6 23. Bh7+ Kxh7 24. Rh3 1-0

[Event "Belgrade Spring op"]
[Site "Belgrade"]
[Date "2010.04.01"]
[Round "9"]
[White "Nikolovska, Dragana"]
[Black "Aleksic, Ceda"]
[Result "1/2-1/2"]
[WhiteElo "1719"]
[BlackElo "1779"]
[PlyCount "35"]
[EventDate "2010.03.23"]
[EventType "swiss"]
[EventRounds "9"]
[EventCountry "YUG"]
[SourceTitle "EXT 2019"]
[Source "ChessBase"]
[SourceDate "2018.10.10"]
[SourceVersion "1"]
[SourceVersionDate "2018.10.10"]
[SourceQuality "1"]

1. e4 e6 2. d4 d5 3. Nd2 dxe4 4. Nxe4 Bd7 5. Nf3 Bc6 6. Bd3 Nd7 7. 0-0 Ngf6 8. Qe2 Bxe4 9. Bxe4 Nxe4 10. Qxe4 c6 11. Qd3 Nf6 12. Ne5 Be7 13. c3 0-0 14. Qg3 Ne4 15. Qg4 Nf6 16. Qg3 Ne4 17. Qg4 Nf6 18. Qg3 1/2-1/2

[Event "Belgrade Spring op"]
[Site "Belgrade"]
[Date "2010.03.25"]
[Round "3"]
[White "Berkov, Ivica"]
[Black "Aleksic, Ceda"]
[Result "0-1"]
[WhiteElo "1649"]
[BlackElo "1779"]
[PlyCount "102"]
[EventDate "2010.03.23"]
[EventType "swiss"]
[EventRounds "9"]
[EventCountry "YUG"]
[SourceTitle "CBM 135 Extra"]
[Source "ChessBase"]
[SourceDate "2010.05.04"]
[SourceVersion "1"]
[SourceVersionDate "2010.05.04"]
[SourceQuality "1"]

1. d4 e6 2. c4 Nf6 3. Nc3 Bb4 4. a3 Bxc3+ 5. bxc3 h6 6. Nf3 b6 7. g3 0-0 8. Bg2 Bb7 9. 0-0 d6 10. a4 Nbd7 11. Qb3 Re8 12. a5 Rb8 13. axb6 axb6 14. Ne1 Bxg2 15. Kxg2 e5 16. e3 exd4 17. cxd4 Qe7 18. Nd3 Ra8 19. Rxa8 Rxa8 20. Nb4 Qe4+ 21. f3 Qg6 22. Nc6 Re8 23. e4 Nb8 24. Qb5 Nxe4 25. Nxb8 Rxb8 26. fxe4 Qxe4+ 27. Kh3 Qe6+ 28. g4 Qe4 29. Rf4 Qd3+ 30. Kg2 Qc2+ 31. Rf2 Qxc1 32. Qd5 Rf8 33. Qc6 Qg5 34. h3 Qe7 35. Ra2 Re8 36. Ra8 Qe2+ 37. Kg3 Rxa8 38. Qxa8+ Kh7 39. Qd5 Qe6 40. Qc6 Qe1+ 41. Kg2 Qd2+ 42. Kg3 Qxd4 43. Qxc7 f6 44. Qc6 Qg1+ 45. Kf4 Qh2+ 46. Ke3 Qxh3+ 47. Qf3 Qxf3+ 48. Kxf3 Kg8 49. Ke4 Kf7 50. Kf5 g6+ 51. Ke4 Ke6 0-1

[Event "Belgrade Spring op"]
[Site "Belgrade"]
[Date "2010.03.23"]
[Round "1"]
[White "Pantovic, Dragan M"]
[Black "Aleksic, Ceda"]
[Result "1-0"]
[WhiteElo "2118"]
[BlackElo "1779"]
[PlyCount "57"]
[EventDate "2010.03.23"]
[EventType "swiss"]
[EventRounds "9"]
[EventCountry "YUG"]
[SourceTitle "CBM 135 Extra"]
[Source "ChessBase"]
[SourceDate "2010.05.04"]
[SourceVersion "1"]
[SourceVersionDate "2010.05.04"]
[SourceQuality "1"]

1. d4 d5 2. c4 c6 3. Nf3 Nf6 4. Nc3 Bf5 5. cxd5 cxd5 6. Qb3 b6 7. Bf4 e6 8. e3 Be7 9. Bb5+ Nbd7 10. Ne5 0-0 11. Bxd7 Nxd7 12. Nc6 Qe8 13. Nb5 Nf6 14. Rc1 Qd7 15. Nxe7+ Qxe7 16. Bd6 Qd7 17. Bxf8 Rxf8 18. Rc7 Qd8 19. Rxa7 Ne4 20. Nc3 Qc8 21. f3 Nd6 22. Qxb6 Nc4 23. Qc7 Qe8 24. e4 Bg6 25. 0-0 Ne3 26. Re1 Nc2 27. Rd1 Ne3 28. Rd2 Nc4 29. Re2 1-0